000
00342pam a2200157a 44500
008
230515b1976 xxu||||| |||| 00| 0 eng d
020
_a
NULL
041
_a
ENGLISH
082
_a
630
100
_a
1449-1976
245
_a
METHODS OF SAMPLING MANGANESE ORE
250
_a
0
260
_a
DELHI
_b
ISI
_c
1976
300
_a
17
650
_a
NULL
999
_c
651816
_d
651816